00330nam a2200097Ia 4500008004100000020001800041100002500059245010500084260002900189300001400218180116s9999 xx 000 0 und d a9781466593640 aSalerno, Reynolds M. cReynolds M. Salerno, Jennifer GaudiosoaLaboratory Biorisk Management :bBiosafety and Biosecurity / bSandia Corporationc2015 a242 pages